logo

Bir Sreshtho Munshi Abdur Rouf Library
Jhenaidah Cadet College

Exploring agriculture / (Record no. 6525)

MARC details
000 -LEADER
fixed length control field 00733cam a22002531a 4500
001 - CONTROL NUMBER
JCCL Control Number 6525
003 - CONTROL NUMBER IDENTIFIER
JCCL marc code BD-JhCC
005 - DATE AND TIME OF LATEST TRANSACTION
control field 20180124190650.0
008 - FIXED-LENGTH DATA ELEMENTS--GENERAL INFORMATION
fixed length control field 760916s1957 njuab b 001 0 eng
035 ## - SYSTEM CONTROL NUMBER
system control number (BD-JhCC)6525
035 ## - SYSTEM CONTROL NUMBER
system control number (OCoLC)2436555
040 ## - CATALOGING SOURCE
Original cataloging agency DLC
Transcribing agency NbU
Modifying agency Uk
-- DLC
-- (BD-JhCC)
041 ## - LANGUAGE CODE
Language code of Book eng
050 00 - LIBRARY OF CONGRESS CALL NUMBER
Classification number S495
Item number .E9
082 ## - DEWEY DECIMAL CLASSIFICATION NUMBER
Classification number 630
Author mark and Year EVA 1957
100 1# - MAIN ENTRY--PERSONAL NAME
Personal name Evans, Everett F.
245 10 - TITLE STATEMENT
Title Exploring agriculture /
Statement of responsibility, etc Everett F. Evans, Roy L. Donahue.
260 ## - PUBLICATION, DISTRIBUTION, ETC. (IMPRINT)
Place of publication, distribution, etc Englewood Cliffs, N.J. :
Name of publisher, distributor, etc Prentice-Hall,
Date of publication, distribution, etc 1957.
300 ## - PHYSICAL DESCRIPTION
Pagination xii, 366 p. :
Other physical details ill., maps. ;
Dimensions 23 cm.
504 ## - BIBLIOGRAPHY, ETC. NOTE
Bibliography, etc Includes bibliographies.
650 #0 - SUBJECT ADDED ENTRY--TOPICAL TERM
Topical term or geographic name as entry element Agriculture.
700 1# - ADDED ENTRY--PERSONAL NAME
Personal name Donahue, Roy Luther,
Dates associated with a name 1908-
942 ## - ADDED ENTRY ELEMENTS (KOHA)
Source of classification or shelving scheme Dewey Decimal Classification
Koha item type Books
Holdings
Source of classification or shelving scheme Damaged status Not for loan Home library Current library Shelving location Date of accession Total Checkouts Full call number Barcode Date last seen Copy number Koha item type
Dewey Decimal Classification     JCC Rouf Library JCC Rouf Library General Stacks 01/24/2018   630 EVA 1957 9018 01/24/2018 C-1 Books

JCC Library | Contacts | JCC Home

Last Update on 23 September 2017
Copyright @ 2017-2020 JCC Rouf Library
Rouf Library, Jhenidah Cadet College (JCC), Bangladesh